[Event "Valasska Bystrice op 13th"]
[Site "Valasska Bystrice"]
[Date "2022.09.17"]
[Round "9"]
[White "Karlik, Vladimir"]
[Black "Mohapl, Petr"]
[Result "1/2-1/2"]
[WhiteElo "2128"]
[BlackElo "2027"]
[PlyCount "32"]
[EventDate "2022.09.10"]
[EventType "swiss"]
[EventRounds "9"]
[EventCountry "CZE"]
[SourceTitle "CBM 210 Extra"]
[Source "ChessBase"]
[SourceDate "2022.11.30"]
[SourceVersion "1"]
[SourceVersionDate "2022.11.30"]
[SourceQuality "1"]

1. d4 Nf6 2. Nf3 e6 3. Bf4 c5 4. e3 d5 5. Nbd2 c4 6. Be2 b5 7. 0-0 Bd7 8. Ne5 Nc6 9. Bf3 Be7 10. g4 0-0 11. Kh1 Nxe5 12. dxe5 Ne8 13. Bg2 Qb6 14. Nf3 Nc7 15. g5 b4 16. h4 a5 1/2-1/2

[Event "Valasska Bystrice op 13th"]
[Site "Valasska Bystrice"]
[Date "2022.09.15"]
[Round "7"]
[White "Hrabal, Matej"]
[Black "Mohapl, Petr"]
[Result "1/2-1/2"]
[WhiteElo "1951"]
[BlackElo "2027"]
[PlyCount "25"]
[EventDate "2022.09.10"]
[EventType "swiss"]
[EventRounds "9"]
[EventCountry "CZE"]
[SourceTitle "CBM 210 Extra"]
[Source "ChessBase"]
[SourceDate "2022.11.30"]
[SourceVersion "1"]
[SourceVersionDate "2022.11.30"]
[SourceQuality "1"]

1. e4 c6 2. d4 d5 3. e5 Bf5 4. Ne2 e6 5. Ng3 Bg6 6. h4 h5 7. Be2 Be7 8. Bxh5 Bxh5 9. Nxh5 g6 10. Nf4 Rxh4 11. Rxh4 Bxh4 12. Qd3 Na6 13. c3 1/2-1/2

[Event "CZE-chT2F 2122"]
[Site "Czech Republic"]
[Date "2021.11.21"]
[Round "3.8"]
[White "Konecny, Vladimir"]
[Black "Mohapl, Petr"]
[Result "0-1"]
[WhiteElo "1815"]
[BlackElo "2027"]
[PlyCount "64"]
[EventDate "2021.10.17"]
[EventType "team-tourn"]
[EventRounds "11"]
[EventCountry "CZE"]
[SourceTitle "EXT 2024"]
[Source "ChessBase"]
[SourceDate "2023.10.10"]
[SourceVersion "1"]
[SourceVersionDate "2023.10.10"]
[SourceQuality "1"]
[WhiteTeam "Karvina"]
[BlackTeam "Litovel Tatran"]
[WhiteTeamCountry "CZE"]
[BlackTeamCountry "CZE"]

1. d4 Nf6 2. Nf3 e6 3. e3 d5 4. c4 c6 5. Nc3 Bd6 6. Bd3 Nbd7 7. b3 e5 8. dxe5 Nxe5 9. Nxe5 Bxe5 10. Bb2 Qa5 11. Qd2 0-0 12. Na4 Qc7 13. Bxe5 Qxe5 14. Qb2 Qg5 15. 0-0-0 dxc4 16. bxc4 b5 17. f4 Qg4 18. cxb5 cxb5 19. Nc5 Bf5 20. Kb1 Rac8 21. Nb3 Nd5 22. Qe5 Nc3+ 23. Ka1 Bxd3 24. Rxd3 Qxg2 25. Rxc3 Qxh1+ 26. Kb2 Qxh2+ 27. Ka3 b4+ 28. Kxb4 Qxa2 29. Rxc8 Rxc8 30. Qd6 a5+ 31. Nxa5 Ra8 32. Qe5 Qxa5+ 0-1

[Event "CZE-chT1E 1819"]
[Site "Czech Republic"]
[Date "2019.01.06"]
[Round "5.4"]
[White "Sikorova, Olga"]
[Black "Mohapl, Petr"]
[Result "1-0"]
[WhiteElo "2276"]
[BlackElo "2053"]
[PlyCount "95"]
[EventDate "2018.10.21"]
[EventType "team-tourn"]
[EventRounds "11"]
[EventCountry "CZE"]
[SourceTitle "CBM 188 Extra"]
[Source "ChessBase"]
[SourceDate "2019.02.28"]
[SourceVersion "1"]
[SourceVersionDate "2019.02.28"]
[SourceQuality "1"]
[WhiteTeam "Trinec"]
[BlackTeam "Litovel Tatran"]
[WhiteTeamCountry "CZE"]
[BlackTeamCountry "CZE"]

1. c4 Nf6 2. g3 e5 3. Bg2 d5 4. cxd5 Nxd5 5. Nc3 Nxc3 6. bxc3 Bd6 7. Rb1 c6 8. d3 0-0 9. Nf3 Nd7 10. 0-0 Nf6 11. Bg5 h6 12. Bxf6 Qxf6 13. Nd2 Qd8 14. a4 f5 15. Rb2 Qe7 16. Qb3+ Kh7 17. Nc4 Bc5 18. e3 Be6 19. Qxb7 Bxc4 20. dxc4 Qxb7 21. Rxb7 Rac8 22. Rd1 Rfd8 23. Rxd8 Rxd8 24. Bxc6 Rd1+ 25. Kg2 Rd2 26. Kf1 f4 27. Be4+ Kg8 28. Rc7 Bb6 29. Rc8+ Rd8 30. Bd5+ Kf8 31. Rxd8+ Bxd8 32. c5 fxe3 33. fxe3 Ba5 34. c4 Ke7 35. Ke2 Bb4 36. c6 Bc5 37. Kf3 Bb6 38. h3 Bc7 39. c5 Ba5 40. Ke4 Bb4 41. Kf5 Ba5 42. g4 Bc7 43. Bg8 Bb8 44. Ke4 Bc7 45. Kd5 Bb8 46. Bh7 Bc7 47. Be4 Bb8 48. Kc4 1-0

[Event "Teplice op 12th"]
[Site "Teplice"]
[Date "2017.06.10"]
[Round "1"]
[White "Mohapl, Petr"]
[Black "Stefansson, Hannes"]
[Result "0-1"]
[WhiteElo "2040"]
[BlackElo "2548"]
[PlyCount "73"]
[EventDate "2017.06.10"]
[EventType "swiss"]
[EventRounds "9"]
[EventCountry "CZE"]
[SourceTitle "CBM 178 Extra"]
[Source "ChessBase"]
[SourceDate "2017.06.22"]
[SourceVersion "1"]
[SourceVersionDate "2017.06.22"]
[SourceQuality "1"]

1. d4 Nf6 2. c4 e6 3. Nc3 Bb4 4. e3 d5 5. Nf3 0-0 6. Bd3 c5 7. 0-0 Nc6 8. a3 Bxc3 9. bxc3 Qc7 10. Qe2 dxc4 11. Bxc4 e5 12. d5 Na5 13. Ba2 Ne4 14. Qc2 Nd6 15. c4 Bf5 16. Qc3 Rfe8 17. Nd2 b5 18. f4 bxc4 19. Nxc4 Naxc4 20. Bxc4 Ne4 21. Qe1 exf4 22. Rxf4 Qe5 23. Ra2 Rab8 24. Qf1 Nd6 25. Bd3 Bxd3 26. Qxd3 c4 27. Qc2 Ne4 28. Rb2 Rxb2 29. Qxb2 Qxd5 30. Qb4 a5 31. Qb6 c3 32. Qc7 h6 33. a4 f5 34. Rf1 Nd2 35. Re1 Qd3 36. Qf4 Nb3 37. Qc7 0-1

[Event "Wch Seniors 50 26th"]
[Site "Marianske Lazne"]
[Date "2016.11.27"]
[Round "8"]
[White "Mohapl, Petr"]
[Black "Schatz, Christian"]
[Result "0-1"]
[WhiteElo "2066"]
[BlackElo "2218"]
[PlyCount "80"]
[EventDate "2016.11.19"]
[EventType "swiss"]
[EventRounds "11"]
[EventCountry "CZE"]
[SourceTitle "CBM 175 Extra"]
[Source "ChessBase"]
[SourceDate "2016.12.12"]
[SourceVersion "1"]
[SourceVersionDate "2016.12.12"]
[SourceQuality "1"]

1. d4 Nf6 2. c4 c5 3. d5 b5 4. cxb5 a6 5. bxa6 d6 6. Nf3 g6 7. g3 Bg7 8. Nc3 Bxa6 9. e4 Qa5 10. Bd2 0-0 11. Qc2 Bxf1 12. Kxf1 Na6 13. Kg2 Nb4 14. Qb1 Qa6 15. a3 Nd3 16. Qc2 Rfb8 17. Rhb1 Ng4 18. Be1 Nge5 19. Nxe5 Bxe5 20. Bd2 Bd4 21. Nd1 Nxf2 22. Nxf2 Qe2 23. Qd3 Qxf2+ 24. Kh3 Rxb2 25. Rxb2 Bxb2 26. Rf1 Qd4 27. Qe2 Qe5 28. Rb1 Bd4 29. Qd3 f5 30. exf5 Qxf5+ 31. Qxf5 gxf5 32. Rf1 Rxa3 33. Rxf5 Bf6 34. Bf4 Kg7 35. Kg4 c4 36. Kh5 c3 37. Bc1 Ra1 38. Bh6+ Kf7 39. Rf2 Rd1 40. Be3 Rxd5+ 0-1

[Event "CZE-chT2D 1516"]
[Site "Czech Republic"]
[Date "2016.04.17"]
[Round "11.4"]
[White "Mojzis, Jaroslav"]
[Black "Mohapl, Petr"]
[Result "1/2-1/2"]
[WhiteElo "2144"]
[BlackElo "2101"]
[PlyCount "24"]
[EventDate "2015.10.18"]
[EventType "team-tourn"]
[EventRounds "11"]
[EventCountry "CZE"]
[SourceTitle "EXT 2022"]
[Source "ChessBase"]
[SourceDate "2021.10.06"]
[SourceVersion "1"]
[SourceVersionDate "2021.10.06"]
[SourceQuality "1"]
[WhiteTeam "Polabiny II"]
[BlackTeam "Litovel Tatran II"]
[WhiteTeamCountry "CZE"]
[BlackTeamCountry "CZE"]

1. e4 d5 2. exd5 Qxd5 3. Nc3 Qa5 4. d4 Nf6 5. Nf3 Bg4 6. h3 Bh5 7. Bc4 Nbd7 8. Bd2 c6 9. Qe2 Qb6 10. g4 Bg6 11. 0-0-0 e6 12. g5 Nd5 1/2-1/2

[Event "CZE-chT2F 1415"]
[Site "Czech Republic"]
[Date "2015.03.29"]
[Round "10.33"]
[White "Mohapl, Petr"]
[Black "Soban, Jaroslav"]
[Result "1/2-1/2"]
[WhiteElo "2076"]
[BlackElo "2110"]
[PlyCount "48"]
[EventDate "2014.11.02"]
[EventType "team-tourn"]
[EventRounds "11"]
[EventCountry "CZE"]
[SourceTitle "EXT 2022"]
[Source "ChessBase"]
[SourceDate "2021.10.06"]
[SourceVersion "1"]
[SourceVersionDate "2021.10.06"]
[SourceQuality "1"]
[WhiteTeam "Litovel Tatran II"]
[BlackTeam "Grygov II"]
[WhiteTeamCountry "CZE"]
[BlackTeamCountry "CZE"]

1. e4 Nf6 2. e5 Nd5 3. d4 d6 4. exd6 exd6 5. Bd3 Be7 6. c3 c5 7. Nf3 Nc6 8. dxc5 dxc5 9. 0-0 0-0 10. Qc2 h6 11. h3 Be6 12. Re1 Qd7 13. Na3 Rad8 14. Nc4 Bf6 15. Nce5 Qd6 16. Nxc6 Qxc6 17. Bh7+ Kh8 18. Bf5 Rfe8 19. Bxe6 Rxe6 20. Rxe6 Qxe6 21. Bd2 Nb6 22. b3 Qd6 23. Re1 c4 24. Qe4 Qd7 1/2-1/2

[Event "CZE-chT2F 1415"]
[Site "Czech Republic"]
[Date "2014.11.02"]
[Round "1.25"]
[White "Mohapl, Petr"]
[Black "Slanina, Miroslav"]
[Result "1/2-1/2"]
[WhiteElo "2076"]
[BlackElo "2135"]
[PlyCount "108"]
[EventDate "2014.11.02"]
[EventType "team-tourn"]
[EventRounds "11"]
[EventCountry "CZE"]
[SourceTitle "EXT 2022"]
[Source "ChessBase"]
[SourceDate "2021.10.06"]
[SourceVersion "1"]
[SourceVersionDate "2021.10.06"]
[SourceQuality "1"]
[WhiteTeam "Litovel Tatran II"]
[BlackTeam "Dobra"]
[WhiteTeamCountry "CZE"]
[BlackTeamCountry "CZE"]

1. Nf3 d5 2. g3 Nf6 3. c4 c6 4. Bg2 Bf5 5. cxd5 cxd5 6. Qb3 Qb6 7. Qxb6 axb6 8. Nc3 e6 9. d3 Bc5 10. Nb5 0-0 11. Bd2 Nc6 12. 0-0 h6 13. Bc3 Nd7 14. Rfd1 Rfd8 15. a3 Rac8 16. Rd2 Be7 17. Rdd1 e5 18. Rac1 Be6 19. d4 e4 20. Nd2 f5 21. e3 Nf6 22. Bf1 Ne8 23. Rc2 Nd6 24. Rdc1 Nxb5 25. Bxb5 Na7 26. Bf1 Rc6 27. Nb3 Rdc8 28. Na1 Kf7 29. Bd2 Bd7 30. Be2 Rxc2 31. Rxc2 Rxc2 32. Nxc2 Bb5 33. Bxb5 Nxb5 34. h4 Nd6 35. Kf1 Nc4 36. Bc3 Ke6 37. Ke2 g6 38. Ne1 Bd6 39. Nc2 Kd7 40. Na1 Kc6 41. Nb3 g5 42. hxg5 hxg5 43. Nd2 b5 44. Nb1 f4 45. gxf4 gxf4 46. b4 fxe3 47. fxe3 Be7 48. Bd2 Bg5 49. Bc1 Nd6 50. Nc3 Nf5 51. Bd2 Bh6 52. Nd1 Kd6 53. Nc3 Kc6 54. Nd1 Kd6 1/2-1/2

[Event "CZE-chT1E 1314"]
[Site "Czech Republic"]
[Date "2014.04.13"]
[Round "11.5"]
[White "Mohapl, Petr"]
[Black "Jedlicka, Ales"]
[Result "0-1"]
[WhiteElo "2096"]
[BlackElo "2199"]
[PlyCount "120"]
[EventDate "2013.10.20"]
[EventType "team-tourn"]
[EventRounds "11"]
[EventCountry "CZE"]
[SourceTitle "EXT 2015"]
[Source "ChessBase"]
[SourceDate "2014.11.20"]
[SourceVersion "1"]
[SourceVersionDate "2014.11.20"]
[SourceQuality "1"]
[WhiteTeam "Litovel II"]
[BlackTeam "Polabiny"]
[WhiteTeamCountry "CZE"]
[BlackTeamCountry "CZE"]

1. Nf3 Nf6 2. g3 g6 3. Bg2 Bg7 4. 0-0 0-0 5. d4 d6 6. Re1 Nbd7 7. c3 c6 8. Bd2 e5 9. dxe5 dxe5 10. Qc1 e4 11. Nd4 Re8 12. Bh6 Bxh6 13. Qxh6 e3 14. f4 Nc5 15. Na3 Nce4 16. Nf3 Nf2 17. Nc4 Qe7 18. Nce5 N6g4 19. Nxg4 Bxg4 20. Ne5 f6 21. Nc4 Qe6 22. b3 Rad8 23. f5 Bxf5 24. Qxe3 Qxe3 25. Nxe3 Rxe3 26. Kxf2 Rxc3 27. Rad1 Re8 28. Rd2 a5 29. Red1 Kf7 30. Bf3 h5 31. Rd4 Rc2 32. R1d2 Rxd2 33. Rxd2 Ke7 34. Rd4 Rc8 35. Ra4 b6 36. Rf4 Bb1 37. a3 c5 38. Bd5 Rd8 39. Bc4 g5 40. Rf3 Rd4 41. Ke3 a4 42. Bg8 Ba2 43. Kf2 b5 44. Re3+ Kd7 45. Bf7 axb3 46. Bxb3 Bxb3 47. Rxb3 Kc6 48. Rf3 Rd6 49. Rf5 c4 50. h4 Kb6 51. hxg5 fxg5 52. Ke3 c3 53. Rf1 Kc5 54. Rb1 Rd4 55. Rf1 h4 56. gxh4 gxh4 57. Rf8 Rc4 58. Rf1 c2 59. Rc1 h3 60. Kd2 Kd4 0-1

[Event "CZE-chT1E 1314"]
[Site "Czech Republic"]
[Date "2013.12.08"]
[Round "4.7"]
[White "Vesely, Martin"]
[Black "Mohapl, Petr"]
[Result "0-1"]
[WhiteElo "2156"]
[BlackElo "2096"]
[PlyCount "50"]
[EventDate "2013.10.20"]
[EventType "team-tourn"]
[EventRounds "11"]
[EventCountry "CZE"]
[SourceTitle "EXT 2015"]
[Source "ChessBase"]
[SourceDate "2014.11.20"]
[SourceVersion "1"]
[SourceVersionDate "2014.11.20"]
[SourceQuality "1"]
[WhiteTeam "Ostrava"]
[BlackTeam "Litovel II"]
[WhiteTeamCountry "CZE"]
[BlackTeamCountry "CZE"]

1. d4 d5 2. Nf3 Bf5 3. c4 c6 4. Nc3 e6 5. cxd5 exd5 6. Qb3 Qb6 7. Qxb6 axb6 8. Bf4 h6 9. Nd2 Na6 10. Rc1 Nf6 11. f3 Be7 12. e4 Be6 13. a3 0-0 14. Bd3 Rfd8 15. e5 Nd7 16. 0-0 b5 17. Be3 Nxe5 18. dxe5 d4 19. Nde4 dxe3 20. Be2 b4 21. axb4 Nxb4 22. f4 Bf5 23. g4 Bxe4 24. Nxe4 Rd4 25. Bf3 e2 0-1

[Event "CZE-chT1E 1314"]
[Site "Czech Republic"]
[Date "2013.11.10"]
[Round "2.8"]
[White "Mohapl, Petr"]
[Black "Miturova, Magdalena"]
[Result "1-0"]
[WhiteElo "2096"]
[BlackElo "2101"]
[PlyCount "83"]
[EventDate "2013.10.20"]
[EventType "team-tourn"]
[EventRounds "11"]
[EventCountry "CZE"]
[SourceTitle "EXT 2015"]
[Source "ChessBase"]
[SourceDate "2014.11.20"]
[SourceVersion "1"]
[SourceVersionDate "2014.11.20"]
[SourceQuality "1"]
[WhiteTeam "Litovel II"]
[BlackTeam "Frydek Mistek II"]
[WhiteTeamCountry "CZE"]
[BlackTeamCountry "CZE"]

1. Nf3 Nc6 2. e4 e5 3. Bb5 a6 4. Ba4 Nf6 5. d3 d6 6. c3 g6 7. 0-0 Bg7 8. h3 0-0 9. Bg5 h6 10. Be3 Re8 11. Qc1 Kh7 12. Re1 Nh5 13. Nbd2 g5 14. Nf1 Nf4 15. Bc2 Qf6 16. N1h2 h5 17. d4 Bh6 18. dxe5 dxe5 19. Nd4 Ne7 20. Ne2 Neg6 21. Bxf4 gxf4 22. f3 Nh4 23. Kh1 Nxg2 24. Kxg2 Rg8+ 25. Kh1 Bxh3 26. Rg1 Qb6 27. Qe1 Qxb2 28. Rc1 Rad8 29. Qh4 Be6 30. Qxh5 Rxg1+ 31. Kxg1 Rd2 32. Ng4 Bxg4 33. Qxf7+ Bg7 34. fxg4 Rxe2 35. Qh5+ Bh6 36. Qf5+ Kg7 37. Qxe5+ Kf8 38. Qf6+ Ke8 39. Qe6+ Kf8 40. Qxh6+ Ke7 41. Qg5+ Ke8 42. Qe5+ 1-0

[Event "CZE-chT1E 1213"]
[Site "Czech Republic"]
[Date "2013.02.10"]
[Round "7.8"]
[White "Mohapl, Petr"]
[Black "Zigo, Viktor"]
[Result "1/2-1/2"]
[WhiteElo "2091"]
[BlackElo "2240"]
[PlyCount "34"]
[EventDate "2012.10.21"]
[EventType "team-tourn"]
[EventRounds "11"]
[EventCountry "CZE"]
[SourceTitle "EXT 2014"]
[Source "ChessBase"]
[SourceDate "2013.11.20"]
[SourceVersion "1"]
[SourceVersionDate "2013.11.20"]
[SourceQuality "1"]
[WhiteTeam "Litovel II"]
[BlackTeam "Jihlava"]
[WhiteTeamCountry "CZE"]
[BlackTeamCountry "CZE"]

1. e4 e5 2. Nf3 Nc6 3. Bb5 a6 4. Ba4 Nf6 5. 0-0 Be7 6. Re1 b5 7. Bb3 d6 8. c3 0-0 9. d3 Na5 10. Bc2 c5 11. Nbd2 Qc7 12. Nf1 Nc6 13. Bb3 Be6 14. Ng5 Bxb3 15. Qxb3 Nd7 16. Ng3 Nb6 17. Qd1 Bxg5 1/2-1/2

[Event "Nachod op"]
[Site "Nachod"]
[Date "2012.07.05"]
[Round "6"]
[White "Mohapl, Petr"]
[Black "Karlik, Vladimir"]
[Result "1/2-1/2"]
[WhiteElo "2096"]
[BlackElo "2329"]
[PlyCount "62"]
[EventDate "2012.06.30"]
[EventType "swiss"]
[EventRounds "9"]
[EventCountry "CZE"]
[SourceTitle "CBM 149 Extra"]
[Source "ChessBase"]
[SourceDate "2012.08.24"]
[SourceVersion "1"]
[SourceVersionDate "2012.08.24"]
[SourceQuality "1"]

1. e4 g6 2. d4 Bg7 3. Nf3 d6 4. Bc4 Nf6 5. Nbd2 0-0 6. 0-0 c5 7. dxc5 dxc5 8. c3 Nc6 9. Re1 Qc7 10. Qc2 b6 11. Nf1 Na5 12. Be2 h6 13. Ng3 Be6 14. h4 Bg4 15. Nh2 Bxe2 16. Qxe2 e6 17. Qf3 h5 18. Bf4 e5 19. Bg5 Qc6 20. Nhf1 Ng4 21. Nh2 Qe6 22. Nxg4 hxg4 23. Qe2 f6 24. Be3 f5 25. exf5 gxf5 26. Nh5 Bh8 27. Bg5 Qf7 28. Ng3 e4 29. f3 Qc7 30. Nh5 Rfe8 31. fxg4 f4 1/2-1/2